| 000 | 00508nam a2200169 a 4500 | ||
|---|---|---|---|
| 003 | AR-BaBNM | ||
| 005 | 20251128202730.0 | ||
| 008 | 082120s2002 ||||||||||||||000 | spa|| | ||
| 040 | _cAR-BaBNM | ||
| 100 | 1 | _aRubio, Julián María | |
| 245 | 0 | 0 |
_aHistoria de América y de los pueblos americanos _bExploración y conquista del Río de La Plata siglos XVI y XVII. 8 |
| 260 |
_a[S.l.] _bSalvat _c1942 |
||
| 300 | _a845 p. | ||
| 700 | 1 |
_aBallesteros y Beretta, Antonio _edirector |
|
| 942 | _cBK | ||
| 998 | _cMARCE | ||
| 999 |
_c300 _d300 |
||